| 000 | 00753cam a2200241 a 4500 | ||
|---|---|---|---|
| 001 | c 61002114 | ||
| 003 | DLC | ||
| 005 | 20260227111033.0 | ||
| 008 | 031106m19579999cc 000 0 chi | ||
| 010 | _ac 61002114 | ||
| 035 | _a(CStRLIN)DCLP03-B16734 | ||
| 040 |
_aDLC _cDLC-R _dDLC-R _dDLC |
||
| 050 | 0 | 0 |
_aTX541 _b.C45 |
| 066 | _c$1 | ||
| 100 | 1 |
_6880-01 _aChen, Cunren. |
|
| 245 | 1 | 0 |
_6880-02 _aJin jin you wei tan / _czhu Chen Cunren. |
| 260 |
_6880-03 _aXianggang : _bWen feng yin shua gong si yin, _c[1957?- |
||
| 300 |
_a<v. 1-7; in 1> ; _c19 cm. |
||
| 650 | 0 |
_aFood _xAnalysis. |
|
| 880 | 1 |
_6100-01/$1 _a陳存仁. |
|
| 880 | 1 | 0 |
_6245-02/$1 _a津津有味譚 / _c著陳存仁. |
| 880 |
_6260-03/$1 _a香港 : _b文風印刷公司印, _c[1957?- |
||
| 999 |
_c12745 _d12745 |
||